000 nam a22 7a 4500
999 _c18696
_d18696
008 170113b xxu||||| |||| 00| 0 eng d
020 _a0764316214
050 _aNK 1390
_b .M56 2002 .
100 _aEdited by Smith Tobi
245 _aModern design :
_bThe fabulous 50s
_cTobi Smith , Editor
260 _a4880 Lower Valley rood :
_bSchiffer publishing ,
_c2002 .
300 _a254P :
_bill ;
_c22cm .
500 _a Includes Bibliographical references
650 _aDesign
_xHistory
_y20th century
942 _2lcc
_cBOOKS
_hNK 1390 .M56 2002